[Event "DEN-ch Kort 1-2"]
[Site "Svendborg"]
[Date "2019.04.15"]
[Round "5"]
[White "Hansen, Jorgen Frank"]
[Black "Norgaard, Poul Erik"]
[Result "1-0"]
[WhiteElo "1757"]
[BlackElo "1740"]
[PlyCount "73"]
[EventDate "2019.04.13"]
[EventType "swiss"]
[EventRounds "5"]
[EventCountry "DEN"]
[SourceTitle "EXT 2020"]
[Source "ChessBase"]
[SourceDate "2019.10.17"]
[SourceVersion "1"]
[SourceVersionDate "2019.10.17"]
[SourceQuality "1"]

1. e4 Nc6 2. Nf3 Nf6 3. Nc3 d6 4. d4 g6 5. h3 Bg7 6. Be3 0-0 7. Qd2 e5 8. dxe5 dxe5 9. Rd1 Qe7 10. Nd5 Nxd5 11. exd5 Rd8 12. Qc1 Nb8 13. Be2 Nd7 14. 0-0 Nf6 15. c4 b6 16. Bh6 Bh8 17. Bg5 Bb7 18. Rfe1 Qd6 19. Bf1 Re8 20. b3 a5 21. Be3 Nd7 22. Nh2 f5 23. f4 e4 24. g4 Rf8 25. Be2 a4 26. gxf5 gxf5 27. Qc2 axb3 28. axb3 Qh6 29. Bf1 Ra7 30. Rd2 Rfa8 31. Rg2+ Kf7 32. Qf2 Qxh3 33. Rg7+ Bxg7 34. Bxh3 Ra2 35. Qh4 Rg8 36. Qh5+ Kf8 37. Kh1 1-0

[Event "DEN-ch Kort 1-1"]
[Site "Svendborg"]
[Date "2018.03.25"]
[Round "3"]
[White "Hansen, Jorgen Frank"]
[Black "Nielsen, Jorgen Holmstrom"]
[Result "0-1"]
[WhiteElo "1775"]
[BlackElo "1778"]
[PlyCount "114"]
[EventDate "2018.03.24"]
[EventType "swiss"]
[EventRounds "5"]
[EventCountry "DEN"]
[SourceTitle "EXT 2019"]
[Source "ChessBase"]
[SourceDate "2018.10.10"]
[SourceVersion "1"]
[SourceVersionDate "2018.10.10"]
[SourceQuality "1"]

1. e4 Nf6 2. Nc3 d5 3. exd5 Nxd5 4. Bc4 c6 5. Qf3 e6 6. d4 Nb4 7. Bb3 Qxd4 8. Be3 Qf6 9. Qxf6 gxf6 10. Ne4 Nd7 11. 0-0-0 Nd5 12. Bd2 f5 13. Nc3 Nc5 14. Bxd5 cxd5 15. Nb5 Kd7 16. Nf3 f6 17. Be3 a6 18. Nbd4 Kc7 19. Ne2 Bd7 20. Bd4 Bh6+ 21. Be3 Bxe3+ 22. fxe3 Rhg8 23. g3 Ne4 24. Rhf1 Rad8 25. Nd2 Bb5 26. Rde1 Nxd2 27. Kxd2 d4 28. exd4 Bxe2 29. Rxe2 Rxd4+ 30. Kc1 Rd6 31. Rfe1 e5 32. Rf2 Rg5 33. Ref1 Rh5 34. h4 f4 35. gxf4 Rxh4 36. fxe5 fxe5 37. Re2 Rh5 38. Rfe1 Re6 39. Re4 Rg5 40. c4 h5 41. b4 Rg4 42. Rxg4 hxg4 43. Re4 Rg6 44. Rxe5 g3 45. Re1 Rg4 46. a3 Rxc4+ 47. Kd2 Rg4 48. Rg1 Kb6 49. Rg2 Kb5 50. Kc3 Kc6 51. Kd3 Kd5 52. Kd2 Kd4 53. a4 Kc4 54. b5 a5 55. Kc2 Kb4 56. b6 Kxa4 57. Kb2 Kb5 0-1

[Event "DEN-ch Kort 1-1"]
[Site "Svendborg"]
[Date "2018.03.24"]
[Round "1"]
[White "Hansen, Jorgen Frank"]
[Black "Christensen, Anders"]
[Result "1/2-1/2"]
[WhiteElo "1775"]
[BlackElo "1937"]
[PlyCount "60"]
[EventDate "2018.03.24"]
[EventType "swiss"]
[EventRounds "5"]
[EventCountry "DEN"]
[SourceTitle "EXT 2019"]
[Source "ChessBase"]
[SourceDate "2018.10.10"]
[SourceVersion "1"]
[SourceVersionDate "2018.10.10"]
[SourceQuality "1"]

1. d4 Nf6 2. Nf3 d5 3. Bf4 e6 4. e3 Bd6 5. Bg3 Bxg3 6. hxg3 Qe7 7. c3 Bd7 8. Bd3 Nc6 9. Qc2 e5 10. dxe5 Nxe5 11. Nxe5 Qxe5 12. Nd2 c5 13. Nf3 Qe7 14. b3 h6 15. Qe2 a6 16. a4 b6 17. Nh4 0-0 18. Nf3 b5 19. axb5 axb5 20. 0-0 c4 21. bxc4 dxc4 22. Bc2 Bg4 23. Rfb1 Nd5 24. Qd2 Bxf3 25. gxf3 Rad8 26. Qe1 Qf6 27. Rxb5 Qxc3 28. Qxc3 Nxc3 29. Rc5 Rd2 30. Be4 Nxe4 1/2-1/2